Jesus my Hope/ (Record no. 64464)

MARC details
000 -LEADER
fixed length control field 00684nam a22001577a 4500
005 - DATE AND TIME OF LATEST TRANSACTION
control field 2012021600430.0
020 ## - INTERNATIONAL STANDARD BOOK NUMBER
Terms of availability 95.00
International Standard Book Number 8172145837
035 ## - SYSTEM CONTROL NUMBER
System control number B-28122
037 ## - SOURCE OF ACQUISITION
Stock number DPL
Source of stock number/acquisition ENG
100 ## - MAIN ENTRY--PERSONAL NAME
Personal name Banerjee,Brojendra Nath
245 ## - TITLE STATEMENT
Title Jesus my Hope/
Statement of responsibility, etc by Brojendra Nath Banerjee
260 ## - PUBLICATION, DISTRIBUTION, ETC. (IMPRINT)
Place of publication, distribution, etc Delhi
Name of publisher, distributor, etc ISPCK
Date of publication, distribution, etc 2000
300 ## - PHYSICAL DESCRIPTION
Extent xxiii,123p.
Dimensions 22 cms.
942 ## - ADDED ENTRY ELEMENTS (KOHA)
Source of classification or shelving scheme Dewey Decimal Classification
Item type English Books
Classification part 280.31
Call number suffix BAN
Holdings
Withdrawn status Lost status Not for loan Collection code Home library Current library Date acquired Cost, normal purchase price Full call number Barcode Cost, replacement price Koha item type
      Non-fiction Sarojini Nagar Sarojini Nagar 28/03/2012 95.00 280.31 BAN B-28122 95.00 English Books

© Delhi Public Library
Hit Counter
free hit counter